000 00400nam a22001577a 4500
003 CEME
005 20210628205829.0
008 210317b xxu||||| |||| 00| 0 eng d
040 _c.
082 _a608 INV
100 _aReaders Digest
_964247
245 _aThe 20th eventful century inventions that chnage the world
260 _aLONDON
_bREADER DIGEST
_c1996
300 _a160P
942 _cBK
_2ddc
999 _c582495
_d582495